000 00686nam a22002177a 4500
003 OSt
005 20250818054831.0
008 250818b |||||||| |||| 00| 0 eng d
020 _a978-1-4058-3276-2.
040 _aDWCL-Main lib
_cOC
082 _aCirc. 344.01 N231e 2008
100 _aNairns, Janice
245 _aEmployment law for business students/
_cJanice Nairns
250 _a3rd ed.
260 _aEngland :
_bPearson Education Ltd.,
_c c2008.
300 _axxxix, 421 p. :
_b: ill. ;
_c25 cm.
504 _aIncludes index.
650 _a1.Labor laws and legislation-England.
650 _a2.Labor laws and legislation-Wales.
942 _2ddc
_cBK-CIRC
_e 3rd ed.
_kCirc.
_n0
999 _c4013
_d4013